000 00316nam a22001337a 4500
008 171025b xxu||||| |||| 00| 0 eng d
020 _a2900534491245
041 _aeng
080 _27 ED
_a311
100 _a55
101 _aSTA
245 _aSTATISTICS FOR MANAGEMENT AND ECONOMICS
_cKELLER
942 _2udc
_cBK
999 _c35936
_d35936